000
00246nam a2200097Ia 4500
001
652819
005
20250826154445.0
008
250824s9999 xx 000 0 und d
245
0
_a
SİYAH LALE
_c
ALEXANDRE DUMAS
260
_b
ANTİK DÜNYA KLASİKLERİ
999
_c
652819
_d
652819